Every Tower Defense Simulator Enemy EVER - Statistics

General Stats
  • This quiz has been taken 103 times
    88 since last reset
  • The average score is 202 of 426
Answer Stats
Picture Answer % Correct
Normal
98%
Speedy
98%
Hidden
94%
Normal Boss
94%
Slow
94%
Breaker
89%
Breaker2
89%
Hidden Boss
87%
Necromancer
87%
Skeleton
87%
Armored
85%
Breaker4
85%
Slow Boss
85%
Abnormal
83%
Breaker3
83%
Grave Digger
83%
Hazmat
83%
Molten
83%
Bolt
81%
Slime
81%
Speedy Boss
81%
Brute
79%
Enraged
79%
Heavy
79%
Patient Zero
79%
Quick
77%
Fallen Necromancer
74%
Fallen Shield
74%
Fallen Skeleton
74%
Reaver
74%
Failed Experiment
72%
Fallen
72%
Fallen Giant
72%
Fallen Jester
72%
Fallen King
72%
Fallen Squire
72%
Invisible
72%
Mystery
72%
Awakened Fallen King
70%
Balloon
70%
Boomer
70%
Fallen Angel
70%
Fallen Hazmat
70%
Fallen Hero
70%
Fallen Soul
70%
Fallen Swordmaster
70%
Lead
70%
Lead Boss
70%
Living Experiment
70%
Molten Necromancer
70%
Molten Warlord
70%
Mystery Boss
70%
Shadow Boss
70%
Void Reaver
70%
Commander
68%
Elite Abnormal
68%
Elite Hazmat
68%
Error
68%
Fallen Guardian
68%
Fallen Rusher
68%
Fallen Summoner
68%
Fallen Tank
68%
Glitch
68%
Gunslinger
68%
Lava
68%
Lead Balloon
68%
Minigunner
68%
Molten Boss
68%
Molten Corpse
68%
Molten Titan
68%
Molten Titan
68%
Possessed Armor
68%
Scout
68%
Shotgunner
68%
Speedy King
68%
Tank
68%
Templar
68%
Elite Molten
66%
Fallen Hero
66%
Fallen Honor Guard
66%
Fallen Rusher
66%
Ghoul
66%
Husk
66%
Molten Summoner
66%
Necrotic Skeleton
66%
Shadow
66%
Slow King
66%
Undead Miner
66%
Warden
66%
Wox the Fox
66%
Alien
64%
Balloon Kid
64%
Corrupted Fallen
64%
Fallen Reaper
64%
Fallen Seraph
64%
Giant Boss
64%
Health Cultist
64%
Molten Executioner
64%
Molten Golem
64%
Monkey
64%
Necromancer Boss
64%
Nuclear Monster
64%
Rusher
64%
Abomination
62%
Circuit
62%
Elite Boomer
62%
Goo
62%
Hefty
62%
Mega Slow
62%
Molten Demon
62%
Molten Mech
62%
Swordmaster
62%
Tanker
62%
Toxic
62%
UFO
62%
Vindicator
62%
Amalgamation
60%
Bat
60%
Bulwark
60%
Cavalry
60%
Clown
60%
Cursed Skeleton
60%
Fallen Titan
60%
Fleshling
60%
Gingerbread
60%
Krampus
60%
Molten Hound
60%
Nuclear Guardian
60%
Snowman
60%
Soul
60%
Soul Boss
60%
Unknown
60%
Vampire
60%
Witch
60%
Dummy Boss
57%
Frankenstein
57%
Jack O' Bot
57%
Mummy
57%
Reaper
57%
Soul Stealer
57%
Super Toxic
57%
The Umbra
57%
Bunny
55%
Demon
55%
Ducky D00M
55%
Fallen Soul
55%
Frost Spirit
55%
Ghost
55%
Jaxe
55%
Knight
55%
Mimic Umbra
55%
Necromancer King
55%
Present
55%
Raider Boss
55%
Reanimated
55%
Scarecrow
55%
Wasterunner
55%
Wastewalker
55%
Yeti
55%
Burnt Gingerbread
53%
Ducky
53%
Lord Sinister
53%
Lurker
53%
Super Slime
53%
Swamp Monster
53%
Swamp Thing
53%
Werewolf
53%
Zoomer
53%
Clanker
51%
Crying Angel
51%
Frost Hero
51%
Headless Jaxe
51%
Overgrowth
51%
Raider 1
51%
Raider 2
51%
Strong Alien
51%
Super Mutant
51%
Bones
49%
Dark Necromancer
49%
Fat Ducky
49%
Grizzly
49%
Krampus
49%
Lunar Servant
49%
Mega Clanker
49%
Packed Ice
49%
Penumbras
49%
Pike
49%
Present
49%
Present2
49%
Present3
49%
Ripped Elf
49%
Snowy
49%
Solar Servant
49%
Summoner Boss
49%
Undead
49%
Unstable Ice
49%
Beehive
47%
Bomber Elf
47%
Cobalt Guard
47%
Cold Mist
47%
Cool Ducky
47%
Deep Freeze
47%
Ducky D00M
47%
Executioner
47%
Frost Tank
47%
Frozen
47%
Hazardous
47%
Hidden Zoomer
47%
Lawnmower
47%
Left Hand
47%
Right Hand
47%
Sleigh
47%
Speedy Elf
47%
Stone Viking
47%
Strong Mummy
47%
Brute
45%
Clown
45%
Cursed Guard
45%
Cursed Horse
45%
Cursed Knight
45%
Demon
45%
Ent
45%
Evil Ducky
45%
Frankenstein
45%
Ghost
45%
Hazard
45%
Jack-o-Bot
45%
Knight
45%
Lunar Shard
45%
Papa Bread
45%
Sir Hopsalot
45%
Sock Puppet
45%
Solar Shard
45%
Boomer 1
43%
Crying Angel
43%
Eggsplosive
43%
Evil Elf
43%
Hallow Bones
43%
Hunter
43%
Long Ducky
43%
Mummy
43%
Packed Ice
43%
Reaper
43%
Scarecrow
43%
Sin
43%
Titus
43%
Werewolf
43%
Wraith
43%
Zombie Horse
43%
Actor1
40%
Basic Elf
40%
Citizen Plush
40%
Crystalite
40%
Ducky Unit
40%
Explosive Ducky
40%
Fey Yoshida
40%
Flying Ducky
40%
Frost Mystery
40%
Frost Necromancer
40%
Gatekeeper
40%
Korblox Deathwalker
40%
Lunar Shield
40%
Marionette
40%
Mecha-Claus
40%
P3NGU
40%
Pumpkid
40%
Redcliff Traitor
40%
Shroogma
40%
Sugrawr
40%
Zombegg
40%
Actor2
38%
Builder Elf
38%
Buried
38%
Cold Mist
38%
Dust
38%
Frost Ravager
38%
Frozen
38%
Giant Skeleton
38%
Hallow Guard
38%
Korblox Soul
38%
Mother Ducky
38%
Snow Golem
38%
Snowy
38%
Voodoo Doll
38%
Actor3
36%
Cart
36%
Cobalt Guard
36%
Conserver
36%
Eggroll
36%
Flare
36%
Frost Invader
36%
Guest
36%
Hallow Guard
36%
Noob
36%
Tough Cookie
36%
Toy Soldier
36%
Troll
36%
Agent Ducky
34%
Cat
34%
Cookie Guard
34%
Ghost Knight
34%
Korblox General
34%
Korblox Undead
34%
Papa Bread
34%
Snow Minion
34%
Spy Ducky
34%
Corrupted Titus
32%
Enigma
32%
Frost Spirit
32%
Hex Mimic
32%
Imposter
32%
Korblox Warrior
32%
Mind Shackled
32%
Operator Ducky
32%
Pawn
32%
Snowman
32%
UFO
32%
24 Karat
30%
Brain Bound
30%
Conjurer
30%
Corrupted Conserver
30%
Creator
30%
Forsaken Skull
30%
Frozen
30%
Gold Titan
30%
Hex Revenant
30%
Hex's Maw
30%
Hex Spawn
30%
Korblox Guard
30%
Korblox Seeker
30%
Neuro Runner
30%
Quick Pawn
30%
Snowy
30%
Synaptic
30%
Withered
30%
Alien
28%
Blight Walker
28%
Cold Mist
28%
Corrupted Haz3mn
28%
Crying Angel
28%
Cursed Horror
28%
Eclipsed
28%
Frost Hunter
28%
Hex Corpse
28%
Hex Drako
28%
Hex Minion
28%
Nightmarish Hulk
28%
Primordial Drakobloxxer
28%
Rotting Terror
28%
Trader
28%
Unstable Ice
28%
A
26%
B
26%
Bruh
26%
C
26%
Chad
26%
Dev
26%
Frost Mystery
26%
Golden
26%
Gold Guard
26%
Hex Weaver
26%
Hex Wraith
26%
Mechanical Rot
26%
Packed Ice
26%
Shock
26%
Snow Minion
26%
Swamper
26%
Upper Body
26%
Deep Freeze
23%
Developer 1
23%
Developer 2
23%
Developer 3
23%
Frost Hero
23%
Frost Necromancer
23%
Frost Ravager
23%
Frost Undead
23%
Gravekeeper
23%
Ice Beacon
23%
Mystery Summoner
23%
Ninja
23%
Nuclear Fallen King
23%
SCT
23%
Siege Engine
23%
Snow Golem
23%
Split
23%
Splitter
23%
Streamer
23%
Toilet
23%
Unknown
23%
Unknown Boss
23%
Arrow
21%
Blighted
21%
Boomer 2
21%
Brick Man
21%
Bug
21%
Frost Hero
21%
Frost Hero
21%
Frost Invader
21%
Frost Mage
21%
Necromancer 2
21%
Png Bot
21%
Rusted
21%
Strong
21%
Super Mystery
21%
Tank 2
21%
Toilet Boss
21%
Tombstone
21%
Uber Mystery
21%
Ultra Mystery
21%
Witch Doctor
21%
Armored Toilet
19%
Carrier
19%
Chained Boss
19%
Charge
19%
Controlled
19%
Deep Freeze
19%
Frozen
19%
Glitched Giant
19%
Megatron Toilet
19%
Ninja Toilet
19%
Pro Streamer
19%
Radioactive
19%
Shrike Crystal
19%
Swarm
19%
Wasted Boss
19%
Metal Toilet
17%
No matching quizzes found
Score Distribution
Percent of People with Each Score
Percentile by Number Answered
Your Score History
You have not taken this quiz since the last reset